<?xml version="1.0" encoding="UTF-8"?>
<marc:record xmlns:marc="http://www.loc.gov/MARC21/slim">
   <marc:leader>00000nam a2200000 a 4500</marc:leader>
   <marc:datafield ind1="1" ind2=" " tag="100">
      <marc:subfield code="a">Foxley, Janet</marc:subfield>
      <marc:subfield code="4">aut</marc:subfield>
      <marc:subfield code="e">Verfasser/-in</marc:subfield>
   </marc:datafield>
   <marc:datafield ind1="1" ind2=" " tag="100">
      <marc:subfield code="a">Aljinovic, Boris</marc:subfield>
   </marc:datafield>
   <marc:datafield ind1="0" ind2="0" tag="245">
      <marc:subfield code="a">Munkel Trogg</marc:subfield>
   </marc:datafield>
   <marc:datafield ind1="0" ind2="0" tag="245">
      <marc:subfield code="c">Janet Foxley. Aus dem Engl. von Sigrid Ruschmeier</marc:subfield>
   </marc:datafield>
   <marc:datafield ind1=" " ind2="1" tag="264">
      <marc:subfield code="b">DAV</marc:subfield>
      <marc:subfield code="c">2013</marc:subfield>
   </marc:datafield>
   <marc:datafield ind1="1" ind2=" " tag="520">
      <marc:subfield code="a">Munkel Trogg, der kleinste Riese der Welt, ist besorgt. Die Anzeichen mehren sich, dass der Rumpelberg, die Heimat der Riesen, zu explodieren droht. Aber auf Munkel hört niemand, weil die Riesen zu sehr mit den Vorbereitungen für ihre Siegesfeier beschäftigt sind. Munkels Menschenfreundin Emily bringt ihn auf eine Idee: Wenn die Riesen schon nicht auf ihn hören wollen, dann glauben sie vielleicht dem sagenumwobenen fliegenden Esel</marc:subfield>
   </marc:datafield>
   <marc:datafield ind1=" " ind2=" " tag="020">
      <marc:subfield code="a">9783862312894</marc:subfield>
      <marc:subfield code="9">9783862312894</marc:subfield>
   </marc:datafield>
   <marc:datafield ind1=" " ind2=" " tag="041">
      <marc:subfield code="a">ger</marc:subfield>
   </marc:datafield>
   <marc:datafield ind1=" " ind2=" " tag="300">
      <marc:subfield code="a">3 CDs (218 Min.)</marc:subfield>
   </marc:datafield>
</marc:record>
